Špinavé peníze jsou když... a co dál?
V súčasnosti takmer vo všetkých vyspelých trhových ekonomikách pôsobí systém opatrení, ktorý vytláča špinavé peniaze z oficiálnej podnikateľskej sféry. Náčrt opatrení, ktoré by v ČSFR zabránili praniu špinavých peňazí: opatrenia v daňovej oblasti a opatrenia v oblasti finančných operácií.
Salvato in:
| Autore principale: | |
|---|---|
| Natura: | Capitolo di libro |
| Lingua: | ceco |
| Soggetti: | |
| Tags: |
Nessun Tag, puoi essere il primo ad aggiungerne!!
|
MARC
| LEADER | 00000naa a2200000 4500 | ||
|---|---|---|---|
| 001 | r005945 | ||
| 005 | 20221125075703.0 | ||
| 041 | 0 | |a cze | |
| 044 | |a CS | ||
| 245 | 1 | 0 | |a Špinavé peníze jsou když... a co dál? |c Jiří Nesnídal |
| 520 | |a V súčasnosti takmer vo všetkých vyspelých trhových ekonomikách pôsobí systém opatrení, ktorý vytláča špinavé peniaze z oficiálnej podnikateľskej sféry. Náčrt opatrení, ktoré by v ČSFR zabránili praniu špinavých peňazí: opatrenia v daňovej oblasti a opatrenia v oblasti finančných operácií. | ||
| 610 | 2 | 0 | |a peniaze |
| 610 | 2 | 0 | |a podnikanie |
| 610 | 2 | 0 | |a ČSFR |
| 610 | 2 | 0 | |a dane |
| 610 | 2 | 0 | |a financie |
| 610 | 2 | 0 | |a pranie špinavých peňazí |
| 100 | 1 | |a Nesnídal, Jiří | |